000
00334nam a22001457a 4500
020
_a
0-07-463010-5
041
_a
ENG
100
_a
Aroro.C.P
245
_a
Refrigeration and Air Conditioning
250
_a
Second Ed
260
_a
New Delhi
_b
Tata McGraw-Hill Pub
_c
2000
300
_a
987
650
_a
APE
856
_u
APE ( 10 )
999
_c
1782
_d
1782